[Event "Boksburg Inter Region-ch"]
[Site "Boksburg"]
[Date "2016.12.22"]
[Round "6.3"]
[White "De Koster, Wilna"]
[Black "Makhubela, Linda"]
[Result "0-1"]
[WhiteElo "1236"]
[BlackElo "1622"]
[PlyCount "44"]
[EventDate "2016.12.20"]
[EventType "team-swiss"]
[EventRounds "7"]
[EventCountry "RSA"]
[SourceTitle "CBM 176 Extra"]
[Source "ChessBase"]
[SourceDate "2017.03.02"]
[SourceVersion "1"]
[SourceVersionDate "2017.03.02"]
[SourceQuality "1"]
[WhiteTeam "King Catchers"]
[BlackTeam "Johannesburg Metro II"]
[WhiteTeamCountry "RSA"]
[BlackTeamCountry "RSA"]

1. d4 d5 2. c4 e5 3. e3 exd4 4. Qxd4 Nf6 5. cxd5 Be7 6. Nc3 0-0 7. e4 Re8 8. Bc4 Bb4 9. f3 Nc6 10. Qd1 Nxe4 11. fxe4 Qh4+ 12. Kf1 Ne5 13. Bd3 Bg4 14. Nf3 Bxf3 15. gxf3 Bc5 16. Kg2 Qf2+ 17. Kh3 Nxd3 18. Qxd3 Re5 19. Kg4 Qg2+ 20. Kh4 Be7+ 21. Bg5 Bxg5+ 22. Kh5 g6# 0-1

[Event "RSA-ch U18/20 Girls"]
[Site "Bloemfontein"]
[Date "2016.03.21"]
[Round "3"]
[White "Philander, Unathi"]
[Black "De Koster, Wilna"]
[Result "0-1"]
[WhiteElo "1122"]
[BlackElo "1395"]
[PlyCount "76"]
[EventDate "2016.03.20"]
[EventType "swiss"]
[EventRounds "11"]
[EventCountry "RSA"]
[SourceTitle "CBM 171 Extra"]
[Source "ChessBase"]
[SourceDate "2016.04.26"]
[SourceVersion "1"]
[SourceVersionDate "2016.04.26"]
[SourceQuality "1"]

1. d4 e5 2. Nf3 e4 3. Ng5 d5 4. g3 Be7 5. Nh3 Nf6 6. f3 exf3 7. exf3 Bb4+ 8. Nd2 Qe7+ 9. Qe2 Qxe2+ 10. Kxe2 Nc6 11. Nb3 Bd7 12. Nf4 0-0-0 13. Kf2 Rde8 14. c3 Bd6 15. c4 g5 16. Nxd5 Nxd5 17. cxd5 Nb4 18. Bxg5 Nxd5 19. Bc4 Be6 20. Nc5 Nb6 21. Bxe6+ fxe6 22. Rac1 Nd5 23. a3 c6 24. Rhe1 Bxc5 25. Rxc5 Rhg8 26. f4 Kd7 27. Kf3 Ref8 28. Re5 a6 29. Rc2 Rf5 30. Rd2 Rfxg5 31. Rxg5 Rxg5 32. h4 h5 33. Re2 Nb6 34. fxg5 Nc8 35. g4 hxg4+ 36. Kxg4 Ne7 37. Re5 Kd6 38. h5 Nf5 0-1

[Event "RSA-chT Regions"]
[Site "Cape Town"]
[Date "2016.01.08"]
[Round "2.3"]
[White "Du Plessis, Anika"]
[Black "De Koster, Wilna"]
[Result "1/2-1/2"]
[WhiteElo "1337"]
[BlackElo "1287"]
[PlyCount "66"]
[EventDate "2016.01.08"]
[EventType "team-swiss"]
[EventRounds "7"]
[EventCountry "RSA"]
[SourceTitle "CBM 170 Extra"]
[Source "ChessBase"]
[SourceDate "2016.02.25"]
[SourceVersion "1"]
[SourceVersionDate "2016.02.25"]
[SourceQuality "1"]
[WhiteTeam "Ekurhuleni"]
[BlackTeam "Sedibeng"]
[WhiteTeamCountry "RSA"]
[BlackTeamCountry "RSA"]

1. d4 e6 2. c4 d6 3. Nc3 b6 4. Nf3 Bb7 5. e4 g6 6. Be2 Bg7 7. Be3 Ne7 8. Qd2 Nd7 9. 0-0 Nf6 10. e5 dxe5 11. Nxe5 Ne4 12. Nxe4 Bxe4 13. Bf3 Bxf3 14. Nxf3 0-0 15. Rad1 Nf5 16. Bf4 Rc8 17. b3 Nd6 18. Rfe1 Ne8 19. Bh6 Nf6 20. Ne5 c5 21. Bxg7 Kxg7 22. Qc3 cxd4 23. Rxd4 Qe7 24. Nd7 Rfd8 25. Red1 Kg8 26. Nxf6+ Qxf6 27. g3 Qe7 28. Qd2 Rxd4 29. Qxd4 Qc5 30. Qd7 Qc7 31. Qa4 a5 32. Qb5 Qc6 33. Qg5 Qc7 1/2-1/2

[Event "RSA-ch U20 Girls"]
[Site "Waterkloof"]
[Date "2015.04.08"]
[Round "8"]
[White "De Koster, Wilna"]
[Black "Berkovitz, Sherryn"]
[Result "1/2-1/2"]
[WhiteElo "1428"]
[BlackElo "1385"]
[PlyCount "64"]
[EventDate "2015.04.04"]
[EventType "swiss"]
[EventRounds "9"]
[EventCountry "RSA"]
[SourceTitle "CBM 166 Extra"]
[Source "ChessBase"]
[SourceDate "2015.06.18"]
[SourceVersion "1"]
[SourceVersionDate "2015.06.18"]
[SourceQuality "1"]

1. d4 d5 2. c4 e6 3. Nc3 Nf6 4. Bf4 c5 5. Nf3 Nc6 6. e3 Be7 7. dxc5 Bxc5 8. cxd5 exd5 9. a3 0-0 10. h3 Re8 11. Be2 d4 12. Nxd4 Nxd4 13. exd4 Bxd4 14. Rc1 Bxc3+ 15. Rxc3 Qxd1+ 16. Kxd1 Bf5 17. Bf3 Rad8+ 18. Kc1 Ne4 19. Bxe4 Bxe4 20. f3 Bc6 21. Re3 Rc8 22. Rxe8+ Bxe8+ 23. Kd2 Ba4 24. Rc1 Rxc1 25. Kxc1 Bb5 26. g3 Bc6 27. Be3 Bxf3 28. Bxa7 f5 29. Be3 Kf7 30. h4 Kg6 31. Bd4 Kh6 32. Kd2 g5 1/2-1/2